| 000 | 00940nmm a2200277 a 4500 | ||
|---|---|---|---|
| 001 | ocm000984769 | ||
| 003 | TR-IsHL | ||
| 005 | 20201028153701.0 | ||
| 008 | 150306s2011 tu tur | ||
| 007 | cr cn | ||
| 020 | _a9786051280363 | ||
| 035 |
_a984769 _b(N$T) |
||
| 050 | 0 | 4 |
_aPL248.Ö933 _bE7 2011 |
| 090 | 0 | 4 |
_aPL248.Ö933 _bE7 2011 |
| 100 | 1 | _aÖzbay, Tuğrul | |
| 245 | 1 | 0 |
_aEQ: altın pahalı su ucuz hangisi daha değerli _h[electronic resource] / _cTuğrul Özbay |
| 250 | _a1. bsk. | ||
| 260 |
_aİstanbul : _bİkinci Adam Yayınları, _c2011 |
||
| 300 | _a221 p. | ||
| 650 | 4 | _aDil ve Edebiyat | |
| 650 | 4 | _aLanguage and Literature | |
| 650 | 0 |
_aTürk edebiyatı _x Eleştiri yazıları |
|
| 650 | 0 |
_aTurkish literature _x Criticism writings |
|
| 650 | 7 |
_aLITERARY COLLECTIONS / Middle Eastern _2bisacsh |
|
| 856 | 4 | 0 | _uhttp://search.ebscohost.com/login.aspx?direct=true&scope=site&db=e011xww&AN=984769 |
| 999 |
_c12178 _d12178 |
||